Dictionary of sociology
Gespeichert in:
| 1. Verfasser: | |
|---|---|
| Format: | Buch |
| Sprache: | Englisch |
| Veröffentlicht: |
Totowa
Littlefield, Adams
1965
|
| Schlagworte: | |
| Tags: |
Tag hinzufügen
Keine Tags, Fügen Sie den ersten Tag hinzu!
|
MARC
| LEADER | 00000nam a2200000 a 4500 | ||
|---|---|---|---|
| 001 | UCR6818 | ||
| 003 | CL-VaPUC | ||
| 008 | 980423e19650000us |||||||||||||||||eng|d | ||
| 082 | 0 | 4 | |a 301.03 |b FAI |2 21 |
| 100 | 0 | |a Fairchild, Henry Pratt |e author |9 407966 | |
| 245 | 1 | 0 | |a Dictionary of sociology |
| 300 | |a 341 p | ||
| 942 | |c BK | ||
| 945 | |d 19980423 00:00:00 |a lriquelm | ||
| 260 | |a Totowa |b Littlefield, Adams |c 1965 | ||
| 650 | 0 | |a Sociología |9 255410 | |
| 650 | 0 | |a Diccionarios |9 256200 | |
| 650 | 0 | |a Glosarios |9 261047 | |
| 583 | |a last modification |c 20171121 11:23:28 |k Rodrigo Vera | ||
| 999 | |c 268724 |d 268722 | ||
| 952 | |0 0 |1 0 |4 0 |6 301_030000000000000_FAI_1965 |7 0 |8 F |9 302007 |a BIBENE |b BIBENE |d 2019-11-20 |i 198294K |o 301.03 FAI 1965 |p 198294K |r 2025-01-15 |w 2019-11-20 |y BK_F |k ICO | ||